000 00850nam a2200265 a 4500
005 20140311163021.0
008 121005s19uu xx 00 eng d
020 _a9780538473354
050 _aTR 267.5.A3
_b. H67 2012
100 _aBounar, Jane Hosie
245 _aNew perspectives on Adobe Photoshop CS5 :
_bcomprehensive /
_cJane Hosie-Bounar, Mitch Geller, Kelly Hart.
250 _aInternational ed.
260 _aUnited States :
_bCourse Technology,
_c2012.
300 _a520, [24] p. :
_bcol. ill. ;
_c28 cm.
440 _aNew perspectives series.
500 _aIncludes index.
521 _aIT
650 _aAdobe Photoshop
650 _aComputer graphics
_xComputer programs
650 _aImage processing
_xDigital techniques
700 _aGeller, Mitch
700 _aHart, Kelly
942 _cBK
_2lcc
_kFOR
999 _c39468
_d39468